书目信息 |
| 题名: |
民族复兴之学术基础
|
|
| 作者: | 张君劢, 著 | |
| 分册: | ||
| 出版信息: | 北京 中国人民大学出版社 2009.11 |
|
| 页数: | 283页 | |
| 开本: | 23cm | |
| 丛书名: | 朗朗书房 | |
| 单 册: | ||
| 中图分类: | B26-53 | |
| 科图分类: | ||
| 主题词: | 思想史--Sai Xiang Shi--研究--文集 , 哲学--中国--现代 | |
| 电子资源: | ||
| ISBN: | 978-7-300-07494-8 | |
| 000 | 00967cam 2200253 450 | |
| 001 | CAL 012006115705 | |
| 005 | 20111226115912.43 | |
| 010 | @a978-7-300-07494-8@dCNY24.80 | |
| 100 | @a20110823d2009 em y0chiy50 ea | |
| 101 | 0 | @achi |
| 102 | @aCN@b110000 | |
| 105 | @ay z 000yy | |
| 200 | 1 | @a民族复兴之学术基础@AMin Zu Fu Xing Zhi Xue Shu Ji Chu@f张君劢著 |
| 210 | @a北京@c中国人民大学出版社@d2009.11 | |
| 215 | @a283页@d23cm | |
| 225 | 2 | @a朗朗书房@ALang Lang Shu Fang@i张君劢儒学著作集 |
| 330 | @a本书集著者于1931年至1935年所作之二十余篇文字,总结著者在论战爆发十年的心路历程,这些文字可视为著者将论战中之稳痛发而为对科学精神之更深刻阐发及对中华人民族存绪之际文化路向的清醒见地。 | |
| 410 | 0 | @12001 @a朗朗书房@i张君劢儒学著作集 |
| 606 | 0 | @a思想史@ASai Xiang Shi@x研究@j文集 |
| 606 | 0 | @a哲学@x中国@x现代 |
| 690 | @aB26-53@v4 | |
| 701 | 0 | @a张君劢,@AZhang Jun Mai ,@f1887-1969@4著 |
| 801 | 0 | @aCN@bLHYZ@c20111226 |
| 905 | @aZUCC@dB26-53@eZ124@f3 | |
| 民族复兴之学术基础/张君劢著.-北京:中国人民大学出版社,2009.11 |
| 283页;23cm.-(朗朗书房.张君劢儒学著作集) |
| ISBN 978-7-300-07494-8:CNY24.80 |
| 本书集著者于1931年至1935年所作之二十余篇文字,总结著者在论战爆发十年的心路历程,这些文字可视为著者将论战中之稳痛发而为对科学精神之更深刻阐发及对中华人民族存绪之际文化路向的清醒见地。 |
| ● |
| 相关链接 |
|
|
|
正题名:民族复兴之学术基础
索取号:B26-53/Z124
 
预约/预借
| 序号 | 登录号 | 条形码 | 馆藏地/架位号 | 状态 | 备注 |
| 1 | 1066698 | 210666983 | 社科库509/509社科库 15排4列2层/ [索取号:B26-53/Z124] | 在馆 | |
| 2 | 1066699 | 210666992 | 社科库509/509社科库 15排4列2层/ [索取号:B26-53/Z124] | 在馆 | |
| 3 | 1066700 | 210667009 | 社科库509/509社科库 15排4列2层/ [索取号:B26-53/Z124] | 在馆 |